000 00479nam a22001937a 4500
003 CEME
005 20210628202700.0
008 210122b xxu||||| |||| 00| 0 eng d
020 _a81-312-0151-1
040 _cceme
082 _a514.9434 BRO
100 _aBronson, Richard
_936440
245 _aMatrix methods an introduction
250 _a2ND
260 _aNEW YORK
_bACADEMIC PRESS
_c2006
300 _aXIII,503 P
650 _aMATRIX METHODS
_961057
942 _cBK
_2ddc
999 _c570622
_d570622